Normal view
MARC view
- Afghanistan -- Politics and Government -- 1978 --
Entry Topical Term
001 - CONTROL NUMBER
- control field: 37920
003 - CONTROL NUMBER IDENTIFIER
- control field: NUST
005 - DATE AND TIME OF LATEST TRANSACTION
- control field: 20210314130456.0
008 - FIXED-LENGTH DATA ELEMENTS
- fixed length control field: 210314|| aca||aabn | a|a d
040 ## - CATALOGING SOURCE
- Original cataloging agency: NUST
- Transcribing agency: NUST
150 ## - HEADING--TOPICAL TERM
- Topical term or geographic name entry element: Afghanistan -- Politics and Government -- 1978 --
670 ## - SOURCE DATA FOUND
- Source citation: Work cat.: (NUST): Rais, Rasul Bakhsh 37919, War without winners, 1994
